000 00777nam a2200253Ia 4500
003 OSt
005 20220918171421.0
006 a|||||r|||| 00| 0
007 ta
008 220917b |||||||| |||| 00| 0 eng d
020 _a9781781686249 (hbk)
_cUKP 25.00
024 _a353,244
037 _b044, 13/12/2019, Classic Book Service
_cTextual
040 _aARTS
_cARTS
_beng
041 _2eng
_aeng
082 _aW:511, Q9
100 _aZevin Alexander Au.
_936451
245 0 _aLiberalism at large
_b world according to the economist
260 _aLondon
_bVerso UK
_c2019
300 _a538p.
_ccm.
650 _aLIBERALISM
_936452
942 _hW:511, Q9
_cTEXL
_2CC
999 _c139490
_d139490